000 00680nam a22002295a 4500
005 20160307115526.0
008 160307s2012 ii a frb 001 0 eng d
020 _a9789381421345
040 _aEG-ScBUE
_beng
_cEG-ScBUE
082 0 4 _a635.968
_bJOS
_222
100 1 _aJoshi, Sumitra.
_939491
245 1 0 _aAromatic and essential oil plants /
_cSumitra Joshi.
250 _a1st ed.
260 _aNew Delhi :
_bRandom Publications,
_c2012.
300 _aviii, 256 p. :
_bill. ;
_c23 cm.
500 _aIndex : p. [255]-256.
504 _aBibliography : p. [253]-254.
650 0 _aAromatic plants.
_2BUEsh
_939492
651 _2BUEsh
653 _bPPhrm
_cMarch2016
942 _2ddc
999 _c21328
_d21300